000 00784nam a2200241Ia 4500
003 GCL
008 140319s9999 xx 000 0 ara d
040 _aGCL /
_cGCL
082 0 4 _a922.62
_bب ف
100 1 _aبركات محمد مراد
245 1 0 _aفريد الدين العطار ومنطق الطير /
_cبركات محمد مراد
260 _a[S.N] :
_bالصدر لخدمات الطباعة ،
_c1992
300 _a54 ص
490 _aسلسلة الدراسات الصوفية
_v0
650 0 4 _aالشعر العربى
650 0 4 _aالادب العربى
650 0 4 _aالتصوف الاسلامى
650 0 4 _aالتصوف
650 0 4 _aالشعر الفارسى
650 0 4 _aالادب الفارسى
650 0 4 _aالتراجم
942 _2ddc
_cBK
999 _c53549
_d53549